Flexible Montageautomatisierung. Band 1 : Institute stellen sich vor Namhafte Institute in der Schweiz und in der Bundesrepublik Deutschland berichten über ihre gegenwärtigen und zukünftigen Schwerpunkte in der Montageforschung

Saved in:
Bibliographic Details
Format: Book
Language:German
Published: Bern : Hallwag, 1989
Subjects:
Tags: Add Tag
No Tags, Be the first to tag this record!

MARC

LEADER 00000nam a22000003a 4500
001 stu34904
005 20150408180859.0
008 920330s1989----sz------------------ger-d
040 |a STU  |b slo 
041 0 |a ger 
044 |a sz 
080 |a 621.757 
080 |a 658.515  |7 stu_us_auth*stu7128 
245 |a Flexible Montageautomatisierung. Band 1 :  |b Institute stellen sich vor Namhafte Institute in der Schweiz und in der Bundesrepublik Deutschland berichten über ihre gegenwärtigen und zukünftigen Schwerpunkte in der Montageforschung 
260 |a Bern :  |b Hallwag,  |c 1989 
300 |a 77 s 
650 7 |a montáž  |2 stusub 
650 7 |a automatizácia  |2 stusub 
650 7 |a výskumy  |2 stusub 
650 7 |a Technika montážna  |2 stusub 
996 |b MZ 554  |c M*Z-554  |l MMKN  |s A  |a 24  |w stu34904_0001